书目信息 |
| 题名: |
半导体光谱和光学性质
|
|
| 作者: | 沈学础 著 | |
| 分册: | ||
| 出版信息: | 北京 科学出版社 2002.09 |
|
| 页数: | 770页 | |
| 开本: | 24cm | |
| 丛书名: | ||
| 单 册: | ||
| 中图分类: | O472 | |
| 科图分类: | ||
| 主题词: | 半导体--光谱 , 半导体--光学性质 | |
| 电子资源: | ||
| ISBN: | 7-03-002696-9 | |
| 000 | 00755nam0 2200253 45 | |
| 001 | 012004000000 | |
| 005 | 20050107104952.60 | |
| 010 | @a7-03-002696-9@b精装@dCNY 88.00 | |
| 100 | @a20041210e2002 em y0chiy0121 ea | |
| 101 | 0 | @achi |
| 102 | @aCN@b110000 | |
| 105 | @aak z 001yy | |
| 200 | 1 | @a半导体光谱和光学性质@Aban dao ti guang pu he guang xue xing zhi@f沈学础著@Fshen xue chu zhu |
| 205 | @a第2版 | |
| 210 | @a北京@c科学出版社@d2002.09@h2003重印 | |
| 215 | @a770页@c图, 表格@d24cm | |
| 300 | @a中国科学院科学出版基金资助出版 | |
| 320 | @a附参考文献和索引 | |
| 606 | 0 | @a半导体@x光谱 |
| 606 | 0 | @a半导体@x光学性质 |
| 690 | @aO472@v4 | |
| 701 | 0 | @a沈学础@Ashen xue chu@4著 |
| 801 | 0 | @aCN@bQSSKw@c20050107 |
| 905 | @a10447@dO472@eS420 | |
| 半导体光谱和光学性质/沈学础著.-第2版.-北京:科学出版社,2002.09(2003重印) |
| 770页:图, 表格;24cm |
| 中国科学院科学出版基金资助出版 |
| ISBN 7-03-002696-9(精装):CNY 88.00 |
| ● |
| 相关链接 |
|
|
|
正题名:半导体光谱和光学性质
索取号:O472/S420
 
预约/预借
| 序号 | 登录号 | 条形码 | 馆藏地/架位号 | 状态 | 备注 |
| 1 | 435450 | 204354509 | 自科库401/401自科库 59排2列1层/ [索取号:O472/S420] | 在馆 | |
| 2 | 435451 | 204354518 | 自科库401/401自科库 59排2列1层/ [索取号:O472/S420] | 在馆 | |
| 3 | 435452 | 204354527 | 自科库401/401自科库 59排2列1层/ [索取号:O472/S420] | 在馆 |